| 000 | 02154cam a2200637 4500 | ||
|---|---|---|---|
| 001 | 22959 | ||
| 003 | SK-KTurca | ||
| 005 | 20260513080358.0 | ||
| 008 | 210701s2019 xo oa grnf 001 0 slo | ||
| 015 | _aSNBA2020/08 | ||
| 020 |
_a9788055169804 _q(viazané) |
||
| 035 | _aurn:nbn:sk:snk-am00ff1c | ||
| 035 | _aurn:nbn:sk:snk-am3irg1 | ||
| 035 | _a33A71EDD-4238-4AEA-95B6-37BDDA36434C | ||
| 040 |
_aSVKBB _bslo _cSVKBB _dSNK _erda |
||
| 041 | 1 |
_aslo _heng |
|
| 044 |
_axo _cSK |
||
| 072 | 7 |
_a613 _xHygiena. Ľudské zdravie _2konspekt |
|
| 080 |
_a640 _22011 |
||
| 080 |
_a613.2 _22011 |
||
| 080 |
_a613 _22011 |
||
| 080 |
_a613/614 _22011 |
||
| 080 |
_a613:304.3 _22011 |
||
| 080 |
_a392.81 _22011 |
||
| 080 |
_a(035) _22011 |
||
| 100 | 1 |
_aBrewer, Sarah, _d1958- _4aut |
|
| 240 | 1 | 0 |
_aEat Better, Live Longer _lSlovensky |
| 245 | 1 | 0 |
_aJedz lepšie, ži dlhšie _bčo potrebuje tvoje telo, aby zostalo zdravé _cSarah Brewerová, Juliette Kellowová ; z anglického originálu Eat Better, Live Longer ... preložila Katarína Bukovenová |
| 250 | _aPrvé vydanie | ||
| 264 | 1 |
_aBratislava _bIkar _c2019 |
|
| 300 |
_a224 strán _bfotografie, ilustrácie _c24 cm |
||
| 336 |
_atext _btxt _2rdacontent |
||
| 337 |
_abez média _bn _2rdamedia |
||
| 338 |
_azväzok _bnc _2rdacarrier |
||
| 490 | 1 | _aPríroda | |
| 500 | _aObsahuje biografické údaje o autorkách na strane 224 | ||
| 504 | _aObsahuje bibliografiu na strane 214-219 ; register na strane 220-224 | ||
| 650 | 0 | 7 |
_astravovanie _2SNKPH |
| 650 | 0 | 7 |
_azdravá výživa _2SNKPH |
| 650 | 0 | 7 |
_aživotospráva _2SNKPH |
| 650 | 0 | 7 |
_azdravie _2SNKPH |
| 650 | 0 | 7 |
_azdravý životný štýl _2SNKPH |
| 650 | 0 | 7 |
_aCatering _2SNKPHeng |
| 650 | 0 | 7 |
_aHealthy eating _2SNKPHeng |
| 650 | 0 | 7 |
_aHealth behavior _2SNKPHeng |
| 650 | 0 | 7 |
_aHealth _2SNKPHeng |
| 650 | 0 | 7 |
_aHealthy lifestyle _2SNKPHeng |
| 650 | 0 | 7 |
_aFood habits _2SNKPHeng |
| 650 | 0 | 7 |
_astravovacie návyky _2SNKPH |
| 655 | 7 |
_apríručky _2SNKPH |
|
| 655 | 7 |
_aHandbooks, manuals, etc. _2SNKPHeng |
|
| 700 | 1 |
_aKellow, Juliette _4aut |
|
| 700 | 1 |
_aBukovenová, Katarína _4trl |
|
| 830 | 0 | _aPríroda | |
| 942 |
_2ddc _cOLDO _n0 |
||
| 999 |
_c22959 _d22959 |
||